[Event "Tremblay en France"]
[Site "Tremblay en France"]
[Date "2022.07.09"]
[Round "7"]
[White "Bellahcene, Bilel"]
[Black "Jobava, Beglar"]
[Result "1-0"]
[WhiteElo "2514"]
[BlackElo "2438"]
[PlyCount "107"]
[EventDate "2022.07.06"]
[EventType "tourn"]
[EventRounds "9"]
[EventCountry "FRA"]
[EventCategory "5"]
[SourceTitle "CBM 209 Extra"]
[Source "ChessBase"]
[SourceDate "2022.09.30"]
[SourceVersion "1"]
[SourceVersionDate "2022.09.30"]
[SourceQuality "1"]

1. d4 Nf6 2. Nf3 e6 3. c4 b6 4. g3 Ba6 5. Qa4 c5 6. dxc5 bxc5 7. Bg2 Bb7 8. 0-0 Be7 9. Nc3 0-0 10. Rd1 d6 11. Bf4 a6 12. a3 Qc7 13. Rac1 Nbd7 14. Qc2 Rfd8 15. h3 Rab8 16. g4 Bc6 17. Rd2 Rb6 18. Rcd1 e5 19. Bg5 Rdb8 20. Rb1 h5 21. Bxf6 Nxf6 22. g5 Nd7 23. g6 Rf8 24. Ne1 Bg5 25. Bxc6 Qxc6 26. Nd5 Kh8 27. e3 f5 28. Nxb6 Nxb6 29. Rbd1 Nc8 30. Ng2 Qe8 31. f4 exf4 32. exf4 Bf6 33. Kh2 Qxg6 34. Qd3 h4 35. Qf3 Re8 36. Re1 Rxe1 37. Nxe1 Kh7 38. Ng2 Bd4 39. Rd1 Qh6 40. Re1 Nb6 41. Qd3 Qf6 42. b4 Bf2 43. Rd1 Bd4 44. Rb1 Na4 45. b5 axb5 46. cxb5 d5 47. Qf3 Nc3 48. Qh5+ Kg8 49. Qe8+ Kh7 50. b6 Nxb1 51. b7 Nd2 52. Qh5+ Qh6 53. Qxh6+ gxh6 54. Nxh4 1-0

[Event "Tremblay en France"]
[Site "Tremblay en France"]
[Date "2022.07.09"]
[Round "8"]
[White "Van Dael, Siem"]
[Black "Jobava, Beglar"]
[Result "1/2-1/2"]
[WhiteElo "2253"]
[BlackElo "2438"]
[PlyCount "93"]
[EventDate "2022.07.06"]
[EventType "tourn"]
[EventRounds "9"]
[EventCountry "FRA"]
[EventCategory "5"]
[SourceTitle "CBM 209 Extra"]
[Source "ChessBase"]
[SourceDate "2022.09.30"]
[SourceVersion "1"]
[SourceVersionDate "2022.09.30"]
[SourceQuality "1"]

1. e4 c5 2. Nf3 d6 3. d4 cxd4 4. Nxd4 Nf6 5. Nc3 a6 6. Be3 e6 7. f3 h5 8. Qd2 Nbd7 9. 0-0-0 b5 10. Kb1 Bb7 11. a3 Be7 12. Bd3 0-0 13. Bg5 d5 14. exd5 Nxd5 15. Bxe7 Qxe7 16. Nxd5 Bxd5 17. Rhe1 Nc5 18. Re5 Qf6 19. Rde1 g6 20. g4 hxg4 21. fxg4 Nd7 22. g5 Qg7 23. Rxd5 exd5 24. Nc6 Rae8 25. Ne7+ Rxe7 26. Rxe7 Nc5 27. Qe3 Nxd3 28. Qxd3 Qh8 29. Qxd5 Qxh2 30. c3 Qf2 31. Ka2 Rc8 32. Rd7 Kg7 33. Qe5+ Kg8 34. Rd6 Qa7 35. Qd5 Kg7 36. Qe5+ Kg8 37. Rd4 Qb6 38. Rd7 Qc6 39. Rd6 Re8 40. Qd4 Qg2 41. Rd8 Rxd8 42. Qxd8+ Kg7 43. Qf6+ Kg8 44. Qe5 Qc6 45. Qb8+ Kg7 46. Qe5+ Kg8 47. Qf6 1/2-1/2

[Event "GEO-ch KO 67th"]
[Site "Tbilisi"]
[Date "2008.03.20"]
[Round "2.3"]
[White "Jobava, Beglar"]
[Black "Pantsulaia, Levan"]
[Result "0-1"]
[WhiteElo "2446"]
[BlackElo "2629"]
[PlyCount "99"]
[EventDate "2008.03.15"]
[EventType "k.o."]
[EventRounds "5"]
[EventCountry "GEO"]
[SourceTitle "CBM 123 Extra"]
[Source "ChessBase"]
[SourceDate "2008.05.06"]
[SourceVersion "1"]
[SourceVersionDate "2008.05.06"]
[SourceQuality "1"]

1. d4 Nf6 2. c4 g6 3. g3 c5 4. Nf3 cxd4 5. Nxd4 d5 6. Bg2 dxc4 7. 0-0 Bg7 8. Na3 c3 9. bxc3 0-0 10. Qb3 Nbd7 11. Be3 a6 12. Rab1 Qc7 13. Qc4 Qa5 14. Qb4 Qh5 15. h3 Nd5 16. Qa5 Nxe3 17. Qxh5 gxh5 18. fxe3 Nc5 19. Nc4 Na4 20. Bxb7 Rb8 21. Bf3 Bxh3 22. Rxb8 Rxb8 23. Rc1 Rc8 24. Nc6 Rc7 25. Rb1 Bxc3 26. Rb8+ Kg7 27. Ra8 Nc5 28. Nb6 Be6 29. a4 Rb7 30. Nd5 Bxd5 31. Bxd5 e6 32. Bf3 Bd2 33. Kf2 Rb3 34. e4 Ra3 35. Kg2 Rxa4 36. Ra7 Nxe4 37. Nd8 Ng5 38. Bxh5 Be3 39. Rb7 Kh6 40. Bxf7 Ra2 41. Kf1 Ra1+ 42. Kg2 Rg1+ 43. Kh2 Re1 44. Rb2 Rd1 45. Rb8 Rd2 46. Bxe6 Rxe2+ 47. Kh1 Ne4 48. Nf7+ Kg7 49. Rg8+ Kxg8 50. Ng5+ 0-1

[Event "GEO-ch KO 67th"]
[Site "Tbilisi"]
[Date "2008.03.16"]
[Round "1.2"]
[White "Nigalidze, Gaioz"]
[Black "Jobava, Beglar"]
[Result "0-1"]
[WhiteElo "2420"]
[BlackElo "2446"]
[PlyCount "64"]
[EventDate "2008.03.15"]
[EventType "k.o."]
[EventRounds "5"]
[EventCountry "GEO"]
[SourceTitle "CBM 123 Extra"]
[Source "ChessBase"]
[SourceDate "2008.05.06"]
[SourceVersion "1"]
[SourceVersionDate "2008.05.06"]
[SourceQuality "1"]

1. d4 d5 2. c4 c6 3. Nf3 e6 4. Nc3 dxc4 5. a4 Bb4 6. e3 b5 7. Be2 Bb7 8. 0-0 a6 9. e4 Nd7 10. Bg5 Be7 11. Bf4 Ngf6 12. Qc2 0-0 13. Rfd1 Qb6 14. e5 Nd5 15. Ng5 Bxg5 16. Bxg5 c5 17. a5 Qa7 18. Nxd5 Bxd5 19. Be3 Qc7 20. dxc5 Nxc5 21. Ra3 Rac8 22. Bxc5 Qxc5 23. Rh3 h6 24. Qc3 Rfd8 25. Qg3 Kf8 26. Rh4 c3 27. b4 Qc6 28. Rhd4 c2 29. Rc1 Be4 30. Qe3 Rxd4 31. Qxd4 Qd5 32. Qxd5 exd5 0-1

[Event "Tbilisi Chiburdanidze Cup 2nd"]
[Site "Tbilisi"]
[Date "2007.06.12"]
[Round "7"]
[White "Jobava, Beglar"]
[Black "Pantsulaia, Levan"]
[Result "0-1"]
[WhiteElo "2442"]
[BlackElo "2616"]
[PlyCount "124"]
[EventDate "2007.06.06"]
[EventType "swiss"]
[EventRounds "9"]
[EventCountry "GEO"]
[SourceTitle "CBM 118 Extra"]
[Source "ChessBase"]
[SourceDate "2007.07.04"]
[SourceVersion "1"]
[SourceVersionDate "2007.07.04"]
[SourceQuality "1"]

1. d4 Nf6 2. c4 e6 3. Nc3 c5 4. d5 exd5 5. cxd5 d6 6. e4 g6 7. f4 Bg7 8. Bb5+ Nfd7 9. Be2 a6 10. a4 Qh4+ 11. g3 Qe7 12. Nf3 0-0 13. 0-0 Re8 14. Ra3 Nf8 15. e5 Bf5 16. Rb3 Qc7 17. Nd2 Bh3 18. Rf2 dxe5 19. Nde4 Bf5 20. g4 Bxe4 21. Nxe4 exf4 22. Bxf4 Qe7 23. Nd6 Bd4 24. Nxe8 Qxe8 25. Qd2 Qxa4 26. Ra3 Qb4 27. Qxb4 cxb4 28. Ra4 Nbd7 29. Rxb4 Bxf2+ 30. Kxf2 b5 31. Rb3 Nb6 32. Rd3 Nfd7 33. Bc7 a5 34. Bf3 b4 35. d6 Ra7 36. Rd4 Na4 37. Bc6 Nac5 38. Rc4 Nd3+ 39. Ke3 N3e5 40. Kd4 Nxc6+ 41. Rxc6 a4 42. Rc1 a3 43. b3 Ra6 44. Kd5 a2 45. Ra1 Kf8 46. Kc4 f5 47. gxf5 gxf5 48. Kb5 Ra8 49. Kxb4 f4 50. Ba5 Kf7 51. Rxa2 Ke6 52. Rf2 Ne5 53. Kb5 Rb8+ 54. Ka6 Nd3 55. Bc7 Rxb3 56. Re2+ Kd7 57. Re7+ Kc6 58. Ka7 f3 59. Rf7 Ra3+ 60. Kb8 Nc5 61. Kc8 Ra8+ 62. Bb8 Nd7 0-1

[Event "Tbilisi Chiburdanidze Cup 2nd"]
[Site "Tbilisi"]
[Date "2007.06.10"]
[Round "5"]
[White "Jobava, Beglar"]
[Black "Sanikidze, Tornike"]
[Result "0-1"]
[WhiteElo "2442"]
[BlackElo "2426"]
[PlyCount "112"]
[EventDate "2007.06.06"]
[EventType "swiss"]
[EventRounds "9"]
[EventCountry "GEO"]
[SourceTitle "CBM 118 Extra"]
[Source "ChessBase"]
[SourceDate "2007.07.04"]
[SourceVersion "1"]
[SourceVersionDate "2007.07.04"]
[SourceQuality "1"]

1. e4 c5 2. Nf3 d6 3. d4 cxd4 4. Nxd4 Nf6 5. Nc3 Nc6 6. Bg5 e6 7. Qd2 Be7 8. 0-0-0 Nxd4 9. Qxd4 0-0 10. f4 Qa5 11. Qe3 Ng4 12. Qg3 Bxg5 13. fxg5 Qxg5+ 14. Kb1 e5 15. Rxd6 Qe3 16. Be2 Qxg3 17. hxg3 Nf6 18. Nd5 Be6 19. Ne7+ Kh8 20. Rxe6 fxe6 21. Ng6+ Kg8 22. Nxf8 Kxf8 23. Rd1 Ke7 24. Bf3 h5 25. c3 g5 26. Re1 g4 27. Bd1 Rd8 28. Kc2 Kf7 29. b4 Kg7 30. Re3 Kg6 31. Be2 Kg5 32. Bc4 Rd6 33. Bd3 h4 34. gxh4+ Kxh4 35. c4 Rd4 36. Kc3 Kg5 37. g3 Kg6 38. c5 Kf7 39. a4 a5 40. b5 Rxa4 41. Re1 Ke7 42. Rh1 Ra3+ 43. Kc4 Ra4+ 44. Kb3 Rb4+ 45. Kc3 Nd7 46. Rh7+ Kd8 47. Rh8+ Ke7 48. Rc8 b6 49. c6 Nc5 50. Bc2 Rxb5 51. Rg8 Kd6 52. Rxg4 Rb4 53. Rg5 Nxe4+ 54. Bxe4 Rxe4 55. Kd3 Rd4+ 56. Ke3 b5 0-1

[Event "GEO-ch 65th"]
[Site "Tbilisi"]
[Date "2006.02.03"]
[Round "11"]
[White "Arutinian, David"]
[Black "Jobava, Beglar"]
[Result "1/2-1/2"]
[WhiteElo "2507"]
[BlackElo "2401"]
[PlyCount "46"]
[EventDate "2006.01.22"]
[EventType "tourn"]
[EventRounds "13"]
[EventCountry "GEO"]
[EventCategory "8"]
[SourceTitle "CBM 110 Extra"]
[Source "ChessBase"]
[SourceDate "2006.03.10"]
[SourceVersion "2"]
[SourceVersionDate "2006.03.10"]
[SourceQuality "1"]

1. c4 Nf6 2. Nf3 g6 3. Nc3 Bg7 4. g3 d5 5. cxd5 Nxd5 6. Bg2 Nxc3 7. bxc3 0-0 8. 0-0 c5 9. Qa4 Bd7 10. Qa3 Na6 11. d4 Bc6 12. Bf4 cxd4 13. cxd4 Nc7 14. Bxc7 Qxc7 15. Rac1 Rfd8 16. e3 Qd6 17. Qxd6 Rxd6 18. Ng5 Bxg2 19. Kxg2 Ra6 20. Rc2 Rd8 21. Rfc1 Bf8 22. Ne4 b6 23. g4 f6 1/2-1/2

[Event "GEO-ch 65th"]
[Site "Tbilisi"]
[Date "2006.02.01"]
[Round "9"]
[White "Jobava, Beglar"]
[Black "Kacheishvili, Giorgi"]
[Result "1/2-1/2"]
[WhiteElo "2401"]
[BlackElo "2599"]
[PlyCount "233"]
[EventDate "2006.01.22"]
[EventType "tourn"]
[EventRounds "13"]
[EventCountry "GEO"]
[EventCategory "8"]
[SourceTitle "CBM 110 Extra"]
[Source "ChessBase"]
[SourceDate "2006.03.10"]
[SourceVersion "2"]
[SourceVersionDate "2006.03.10"]
[SourceQuality "1"]

1. e4 c5 2. c3 d6 3. d4 Nf6 4. Nd2 g6 5. Ngf3 Bg7 6. Bd3 0-0 7. 0-0 Nfd7 8. Nc4 cxd4 9. cxd4 Nc6 10. Be3 Nb4 11. Be2 d5 12. a3 Na6 13. exd5 Nf6 14. d6 exd6 15. Bf4 d5 16. Nce5 Nc7 17. h3 Ne6 18. Bh2 Qb6 19. Qd2 Bd7 20. Nxd7 Nxd7 21. Rfd1 Rac8 22. Be5 Bxe5 23. Nxe5 Nf6 24. Bf3 Rc7 25. Ng4 Nxg4 26. Bxg4 Rfc8 27. Bxe6 Qxe6 28. Rac1 Qb6 29. Rxc7 Qxc7 30. Re1 b6 31. Qg5 Qd6 32. Rc1 Re8 33. Qd2 Qf6 34. Rc3 Re4 35. Qh6 Re1+ 36. Kh2 Re8 37. Qd2 Re4 38. Rd3 h5 39. Kg1 Qe7 40. Kf1 Kg7 41. f3 Re6 42. Rc3 a5 43. g3 h4 44. g4 Qd6 45. Qf2 Qf4 46. a4 g5 47. Kg2 Kh6 48. Kf1 Rf6 49. Kg2 Qd6 50. f4 Rxf4 51. Rf3 Rxf3 52. Qxf3 Kg7 53. Qe3 f6 54. Kf1 Qd7 55. b3 b5 56. axb5 Qxb5+ 57. Ke1 Kf7 58. Qc3 Qb6 59. Kd2 f5 60. Qd3 Qe6 61. gxf5 Qe4 62. Qc3 Kf6 63. Qxa5 Qxd4+ 64. Kc2 Kxf5 65. Qd8 Kf4 66. b4 Qxb4 67. Qf6+ Ke4 68. Qxg5 Qc4+ 69. Kb2 Qe2+ 70. Kb1 Qe1+ 71. Kc2 Qf2+ 72. Kb1 Qf4 73. Qg2+ Qf3 74. Qg5 Qb3+ 75. Ka1 Qg3 76. Qh6 Qa3+ 77. Kb1 Qb3+ 78. Ka1 Qa3+ 79. Kb1 Qxh3 80. Qh7+ Ke3 81. Qe7+ Kf2 82. Qf6+ Qf3 83. Qd4+ Kf1 84. Qh8 Qe4+ 85. Kc1 Qe3+ 86. Kc2 Qf2+ 87. Kd1 Qe2+ 88. Kc1 Qe3+ 89. Kc2 Qe2+ 90. Kc1 Qd3 91. Qxh4 Ke2 92. Qh2+ Ke3 93. Qg3+ Kd4 94. Qg7+ Kc4 95. Qc7+ Kb4 96. Qb6+ Kc3 97. Qa5+ Kd4 98. Qb6+ Ke4 99. Qg6+ Kd4 100. Qb6+ Ke5 101. Qc7+ Ke4 102. Qe7+ Kf3 103. Qf6+ Ke2 104. Qb2+ Kf3 105. Qb6 Ke2 106. Qb2+ Kf1 107. Qf6+ Ke2 108. Qb2+ Ke3 109. Qb6+ Ke4 110. Qg6+ Kd4 111. Qg7+ Kc4 112. Qc7+ Kb4 113. Qb7+ Kc3 114. Qg7+ Kb4 115. Qb7+ Qb5 116. Qxb5+ Kxb5 117. Kd2 1/2-1/2

[Event "GEO-ch 65th"]
[Site "Tbilisi"]
[Date "2006.01.28"]
[Round "7"]
[White "Jobava, Beglar"]
[Black "Sulashvili, Malkhaz"]
[Result "1/2-1/2"]
[WhiteElo "2401"]
[BlackElo "2376"]
[PlyCount "76"]
[EventDate "2006.01.22"]
[EventType "tourn"]
[EventRounds "13"]
[EventCountry "GEO"]
[EventCategory "8"]
[SourceTitle "CBM 110 Extra"]
[Source "ChessBase"]
[SourceDate "2006.03.10"]
[SourceVersion "2"]
[SourceVersionDate "2006.03.10"]
[SourceQuality "1"]

1. e4 c6 2. d4 d5 3. e5 Bf5 4. Nf3 e6 5. Be2 Nd7 6. 0-0 Be7 7. c4 h5 8. Bd3 Bxd3 9. Qxd3 Nh6 10. Nc3 dxc4 11. Qxc4 Nf5 12. Rd1 0-0 13. Qe2 Nb6 14. Ne4 Nd5 15. Ng3 g6 16. Ne4 Kg7 17. g3 Qa5 18. h3 Qb5 19. Qxb5 cxb5 20. Kg2 Nh6 21. Bg5 Bxg5 22. Nfxg5 Rac8 23. Rac1 Nf5 24. Nf3 Rfd8 25. Rxc8 Rxc8 26. Rd2 b4 27. Ng1 a5 28. g4 hxg4 29. hxg4 Nfe7 30. Ne2 b6 31. Nd6 Rc6 32. Kf1 g5 33. Ke1 Kg6 34. Ng3 Rc1+ 35. Rd1 Rc2 36. Rd2 Rc1+ 37. Rd1 Rc2 38. Rd2 Rc1+ 1/2-1/2

[Event "GEO-ch 65th"]
[Site "Tbilisi"]
[Date "2006.01.24"]
[Round "3"]
[White "Jobava, Beglar"]
[Black "Quparadze, Giga"]
[Result "0-1"]
[WhiteElo "2401"]
[BlackElo "2381"]
[PlyCount "100"]
[EventDate "2006.01.22"]
[EventType "tourn"]
[EventRounds "13"]
[EventCountry "GEO"]
[EventCategory "8"]
[SourceTitle "CBM 110 Extra"]
[Source "ChessBase"]
[SourceDate "2006.03.10"]
[SourceVersion "2"]
[SourceVersionDate "2006.03.10"]
[SourceQuality "1"]

1. e4 c5 2. Nf3 Nc6 3. d4 cxd4 4. Nxd4 Qc7 5. Nc3 e6 6. Be2 a6 7. 0-0 Nf6 8. Kh1 Be7 9. f4 d6 10. Be3 0-0 11. Qe1 Bd7 12. Qg3 b5 13. a3 Nxd4 14. Bxd4 Bc6 15. Bd3 e5 16. fxe5 Nh5 17. Qh3 dxe5 18. Qxh5 exd4 19. Nd5 Bxd5 20. Qxd5 Rad8 21. Qh5 Rd6 22. e5 Rh6 23. Qe2 Re8 24. Rae1 Bh4 25. Ra1 Rxe5 26. Qg4 Bd8 27. h3 Rh4 28. Qf3 Re3 29. Rae1 Rxe1 30. Rxe1 Kf8 31. Qd5 g6 32. Qe5 Qxe5 33. Rxe5 Bb6 34. Re1 Rh5 35. Kg1 Rc5 36. Kf2 Bd8 37. Kf3 Bg5 38. Re2 Bc1 39. b4 Rc6 40. Re1 Rf6+ 41. Kg3 Bf4+ 42. Kh4 Kg7 43. Rf1 h5 44. g3 Be3 45. g4 Bf2+ 46. Kg5 h4 47. Be2 Be3+ 48. Kxh4 Rxf1 49. Bxf1 Bf2+ 50. Kg5 Bg3 0-1

[Event "EU-Cup 20th"]
[Site "Izmir"]
[Date "2004.10.07"]
[Round "5.4"]
[White "Johannesson, Ingvar Thor"]
[Black "Jobava, Beglar"]
[Result "1/2-1/2"]
[WhiteElo "2310"]
[BlackElo "2375"]
[PlyCount "175"]
[EventDate "2004.10.03"]
[EventType "team-swiss"]
[EventRounds "7"]
[EventCountry "TUR"]
[SourceTitle "CBM 104"]
[Source "ChessBase"]
[SourceDate "2005.01.27"]
[SourceVersion "1"]
[SourceVersionDate "2005.01.27"]
[SourceQuality "1"]
[WhiteTeam "Reykjavik Hellir"]
[BlackTeam "Tbilisi NTN"]
[WhiteTeamCountry "ISL"]
[BlackTeamCountry "GEO"]

1. d4 d5 2. Nf3 Nf6 3. c4 dxc4 4. e3 e6 5. Bxc4 c5 6. 0-0 a6 7. dxc5 Bxc5 8. a3 b5 9. Bd3 Ra7 10. Qe2 Rd7 11. Bc2 Bb7 12. b4 Bd6 13. Bb2 Bxf3 14. gxf3 Nc6 15. Nc3 Bxh2+ 16. Kg2 Bb8 17. Rad1 Nd5 18. Rh1 Nce7 19. Kf1 Be5 20. Nxd5 Bxb2 21. Nxe7 Qxe7 22. Rxd7 Qxd7 23. a4 Ke7 24. axb5 axb5 25. Bd3 Qd5 26. Bxb5 Rc8 27. Rh3 Be5 28. Qd3 Qb7 29. Kg2 Rc3 30. Qe2 h6 31. Rh4 Rb3 32. Rc4 Bd6 33. Bc6 Qa7 34. Qd2 Qa3 35. b5 Rb1 36. Rd4 Rb2 37. Rxd6 Rxd2 38. Rxd2 Qc5 39. f4 g5 40. fxg5 Qxg5+ 41. Kh1 Qh5+ 42. Kg1 Qg5+ 43. Kh1 Qc5 44. Rd7+ Kf6 45. Kg2 h5 46. Rd1 Kg6 47. Rb1 f5 48. Bf3 Qb6 49. Rh1 Qxb5 50. Bxh5+ Kf6 51. Bf3 Qc4 52. Re1 e5 53. e4 f4 54. Rh1 Qf7 55. Rh6+ Ke7 56. Ra6 Qg8+ 57. Kh2 Qc4 58. Rh6 Qf1 59. Bg2 Qxf2 60. Rh3 Qe2 61. Rb3 Kd6 62. Ra3 Kc5 63. Rb3 Kd4 64. Rh3 f3 65. Rxf3 Qxe4 66. Kg1 Qe1+ 67. Bf1 e4 68. Rf2 Qe3 69. Be2 Qg3+ 70. Rg2 Qe1+ 71. Bf1 Ke3 72. Ra2 Kf3 73. Rg2 Qe3+ 74. Kh1 Qc1 75. Kg1 Qe1 76. Ra2 Qe3+ 77. Kh1 Qh6+ 78. Rh2 Qb6 79. Be2+ Ke3 80. Bf1 Qb1 81. Kg1 Qe1 82. Rg2 Kf4 83. Rf2+ Kg3 84. Rg2+ Kf3 85. Ra2 Qe3+ 86. Kh1 Qc1 87. Kg1 Qe3+ 88. Kh1 1/2-1/2

[Event "EU-Cup 20th"]
[Site "Izmir"]
[Date "2004.10.05"]
[Round "3.4"]
[White "Schebler, Gerhard"]
[Black "Jobava, Beglar"]
[Result "1-0"]
[WhiteElo "2496"]
[BlackElo "2375"]
[PlyCount "109"]
[EventDate "2004.10.03"]
[EventType "team-swiss"]
[EventRounds "7"]
[EventCountry "TUR"]
[SourceTitle "CBM 104"]
[Source "ChessBase"]
[SourceDate "2005.01.27"]
[SourceVersion "1"]
[SourceVersionDate "2005.01.27"]
[SourceQuality "1"]
[WhiteTeam "Eynatten"]
[BlackTeam "Tbilisi NTN"]
[WhiteTeamCountry "BEL"]
[BlackTeamCountry "GEO"]

1. d4 Nf6 2. Nf3 e6 3. g3 b5 4. Bg2 Bb7 5. 0-0 Be7 6. a4 b4 7. c4 0-0 8. Nbd2 c5 9. dxc5 Na6 10. Nb3 Nxc5 11. Be3 Qc8 12. Bxc5 Bxc5 13. Ne5 Bxg2 14. Kxg2 Be7 15. Qd3 Qa6 16. c5 Qxd3 17. Nxd3 Rfc8 18. Rac1 d6 19. cxd6 Bxd6 20. Rxc8+ Rxc8 21. Rc1 Rxc1 22. Nbxc1 e5 23. f3 e4 24. fxe4 Nxe4 25. Nb3 Kf8 26. Kf3 Ng5+ 27. Ke3 Ne6 28. Ke4 Ke7 29. Kd5 h5 30. e4 f6 31. Nd4 Nxd4 32. Kxd4 g5 33. Kd5 a5 34. Kc6 Ke6 35. Kb6 f5 36. exf5+ Kxf5 37. Kxa5 Ke4 38. Nf2+ Kf3 39. Nh3 g4 40. Ng5+ Kg2 41. Ne4 Be5 42. Kxb4 Kf3 43. Nc5 h4 44. a5 h3 45. a6 Bb8 46. Nd7 Ba7 47. Ne5+ Kg2 48. Nxg4 Kf3 49. Ne5+ Kg2 50. Nd3 Kxh2 51. Nf4 Kxg3 52. Nxh3 Kxh3 53. Ka5 Kg4 54. b4 Kf5 55. b5 1-0

[Event "Abu Dhabi op 13th"]
[Site "Abu Dhabi"]
[Date "2003.08.20"]
[Round "5"]
[White "Al Sayed, Mohammed"]
[Black "Jobava, Beglar"]
[Result "0-1"]
[WhiteElo "2455"]
[BlackElo "2334"]
[PlyCount "66"]
[EventDate "2003.08.16"]
[EventType "swiss"]
[EventRounds "9"]
[EventCountry "UAE"]
[SourceTitle "CBM 097"]
[Source "ChessBase"]
[SourceDate "2003.11.11"]
[SourceVersion "1"]
[SourceVersionDate "2003.11.11"]
[SourceQuality "1"]

1. e4 g6 2. d4 Bg7 3. Nc3 c6 4. Bc4 d6 5. Qf3 e6 6. Nge2 b5 7. Bb3 Nd7 8. Bf4 Qe7 9. d5 Ne5 10. Bxe5 dxe5 11. 0-0-0 Nf6 12. Qg3 Nxe4 13. Nxe4 exd5 14. Qc3 Bb7 15. Nc5 0-0 16. Nxb7 Qxb7 17. Qa5 Rfd8 18. Kb1 c5 19. Nc3 c4 20. Bxc4 bxc4 21. Rxd5 Rdb8 22. b3 Qe7 23. Ne4 cxb3 24. axb3 f5 25. Nc5 e4 26. Nd7 Re8 27. Rhd1 f4 28. Re1 Rad8 29. Qa4 e3 30. fxe3 fxe3 31. Re2 Kh8 32. Rd1 Qe6 33. h3 Re7 0-1

[Event "Abu Dhabi op 13th"]
[Site "Abu Dhabi"]
[Date "2003.08.18"]
[Round "3"]
[White "Ghaem Maghami, Ehsan"]
[Black "Jobava, Beglar"]
[Result "1-0"]
[WhiteElo "2544"]
[BlackElo "2334"]
[PlyCount "127"]
[EventDate "2003.08.16"]
[EventType "swiss"]
[EventRounds "9"]
[EventCountry "UAE"]
[SourceTitle "CBM 097"]
[Source "ChessBase"]
[SourceDate "2003.11.11"]
[SourceVersion "1"]
[SourceVersionDate "2003.11.11"]
[SourceQuality "1"]

1. e4 g6 2. d4 Bg7 3. c4 d6 4. Nc3 e5 5. d5 Ne7 6. h4 h5 7. Be2 Nd7 8. Be3 f5 9. exf5 Nxf5 10. Bg5 Bf6 11. Ne4 Be7 12. Nf3 Nf6 13. Qc2 Ng4 14. 0-0-0 b6 15. Qd2 Bd7 16. Bd3 Nf6 17. Rde1 Ng4 18. Nh2 Nxh2 19. Rxh2 0-0 20. Nc3 Qe8 21. f4 Qf7 22. Bxe7 Qxe7 23. fxe5 dxe5 24. Qg5 Qg7 25. Rhh1 Rae8 26. Rhg1 Qf6 27. Ne4 Qxg5+ 28. hxg5 Kg7 29. Nf6 Rxf6 30. gxf6+ Kxf6 31. g4 hxg4 32. Rxg4 Rh8 33. Rge4 Re8 34. R4e2 Nd4 35. Rf2+ Bf5 36. Be4 a5 37. Rh1 Re7 38. Kd2 Rf7 39. Kd3 Ke7 40. Rhh2 Kd6 41. Ke3 Kc5 42. b3 a4 43. bxa4 Rf8 44. Rh7 Kd6 45. Rh6 Kc5 46. Rh7 Kd6 47. Rg2 Rc8 48. Rg1 Kc5 49. Re7 Kd6 50. Rh7 Kc5 51. Rgh1 g5 52. Rh8 Rxh8 53. Rxh8 g4 54. Rg8 Bd7 55. Rg7 Kd6 56. a5 Bc8 57. Rg8 Ba6 58. axb6 cxb6 59. Bd3 Kc5 60. Rxg4 b5 61. cxb5 Bb7 62. d6 Kxd6 63. Rxd4+ exd4+ 64. Kxd4 1-0

[Event "Izmir GP op"]
[Site "Izmir"]
[Date "2002.09.03"]
[Round "7"]
[White "Jobava, Beglar"]
[Black "Mastrovasilis, Athanasios"]
[Result "0-1"]
[WhiteElo "2264"]
[BlackElo "2461"]
[PlyCount "164"]
[EventDate "2002.08.28"]
[EventType "swiss"]
[EventRounds "9"]
[EventCountry "TUR"]
[SourceTitle "CBM 090 Extra"]
[Source "ChessBase"]
[SourceDate "2002.11.07"]
[SourceVersion "1"]
[SourceVersionDate "2002.11.07"]
[SourceQuality "1"]

1. Nf3 Nf6 2. c4 b6 3. d4 e6 4. e3 Bb7 5. Bd3 d5 6. b3 Bb4+ 7. Nbd2 dxc4 8. bxc4 c5 9. Bb2 0-0 10. 0-0 cxd4 11. exd4 Nbd7 12. Qe2 Re8 13. Rad1 Qc7 14. Ne5 Nxe5 15. dxe5 Nd7 16. Ne4 Nxe5 17. Ng5 Nxd3 18. Qxd3 f5 19. Qd7 Qxd7 20. Rxd7 Re7 21. Rxe7 Bxe7 22. Nxe6 Kf7 23. Nxg7 Rg8 24. Rd1 Bc6 25. Nxf5 Rxg2+ 26. Kf1 Rxh2 27. Ke2 Bc5 28. Bd4 Rh3 29. Ng3 Be7 30. Rg1 h5 31. Be3 Ke6 32. Kd3 h4 33. Ne2 Kf7 34. Nf4 Rh1 35. Rg6 Rd1+ 36. Ke2 Rd6 37. Rg1 Rd8 38. Nh3 Rg8 39. Ng5+ Bxg5 40. Rxg5 Rh8 41. Bf4 h3 42. Bh2 Re8+ 43. Kd3 Be4+ 44. Kd4 Bg2 45. Bg3 Re2 46. a4 Ra2 47. a5 bxa5 48. Rh5 Kg6 49. Rh8 a4 50. Kc3 a5 51. c5 Ra3+ 52. Kc2 Rb3 53. c6 Bxc6 54. Rxh3 Be4+ 55. Kd2 a3 56. Rh4 Rb2+ 57. Kc3 Rb4 58. Be5 a2 59. Kd2 a4 60. Rh3 Rb5 61. Bh8 Bd5 62. Ra3 Bb3 63. f4 Kf5 64. Be5 Ke4 65. Kc3 Rc5+ 66. Kb4 Rc1 67. Kb5 Kd5 68. Kb6 Rc6+ 69. Kb5 Rh6 70. Kb4 Rb6+ 71. Kc3 Ke4 72. Bg7 Kxf4 73. Kd4 Rb7 74. Bh8 Rd7+ 75. Kc5 Ke4 76. Kc6 Rh7 77. Bb2 Rh5 78. Bg7 Kd3 79. Kb6 Kc4 80. Ka6 Rf5 81. Bb2 Kb4 82. Kb6 Rg5 0-1

[Event "Izmir GP op"]
[Site "Izmir"]
[Date "2002.08.30"]
[Round "3"]
[White "Azmaiparashvili, Zurab"]
[Black "Jobava, Beglar"]
[Result "1-0"]
[WhiteElo "2676"]
[BlackElo "2264"]
[PlyCount "101"]
[EventDate "2002.08.28"]
[EventType "swiss"]
[EventRounds "9"]
[EventCountry "TUR"]
[SourceTitle "CBM 090 Extra"]
[Source "ChessBase"]
[SourceDate "2002.11.07"]
[SourceVersion "1"]
[SourceVersionDate "2002.11.07"]
[SourceQuality "1"]

1. c4 Nf6 2. Nc3 e6 3. d4 d5 4. cxd5 exd5 5. Bg5 Be7 6. e3 Nbd7 7. Bd3 b6 8. Qa4 0-0 9. Qc6 Rb8 10. Bf4 Bb7 11. Qxc7 Qxc7 12. Bxc7 Rbc8 13. Bg3 Ne4 14. Nge2 f5 15. f3 Nxg3 16. hxg3 g6 17. Nf4 Nf6 18. Kd2 a6 19. a3 Bd6 20. Bb1 Bb8 21. Ba2 Rfd8 22. Rac1 Bxf4 23. gxf4 b5 24. Ne2 Kf7 25. Rxc8 Rxc8 26. Nc1 h5 27. Nd3 Nd7 28. Ne5+ Nxe5 29. dxe5 Ke7 30. Rh3 Kf8 31. g4 fxg4 32. fxg4 hxg4 33. Rh8+ Kg7 34. Rxc8 Bxc8 35. Bxd5 a5 36. Ke2 b4 37. axb4 axb4 38. Kf2 Kh6 39. e6 Kg7 40. Kg3 Kf6 41. Kxg4 Ba6 42. e4 Be2+ 43. Kh4 Bd3 44. Kg3 Bb5 45. Kf3 g5 46. fxg5+ Kxg5 47. Ke3 Kf6 48. Kd4 Be8 49. Kc5 Ke7 50. Kxb4 Kd6 51. Ka5 1-0

[Event "Saraybahce GP"]
[Site "Kocaeli"]
[Date "2002.08.22"]
[Round "6"]
[White "Shanava, Konstantine"]
[Black "Jobava, Beglar"]
[Result "0-1"]
[WhiteElo "2401"]
[BlackElo "2264"]
[PlyCount "58"]
[EventDate "2002.08.17"]
[EventType "swiss"]
[EventRounds "9"]
[EventCountry "TUR"]
[SourceTitle "CBM 089 Extra"]
[Source "ChessBase"]
[SourceDate "2002.09.10"]
[SourceVersion "2"]
[SourceVersionDate "2002.09.10"]
[SourceQuality "1"]

1. e4 c5 2. Nf3 d6 3. d4 cxd4 4. Nxd4 Nf6 5. Nc3 Nc6 6. Bc4 e6 7. Be3 Be7 8. Qe2 a6 9. 0-0-0 Qc7 10. Bb3 Na5 11. g4 Nxb3+ 12. axb3 b5 13. g5 Nd7 14. h4 Bb7 15. h5 b4 16. Na4 Bxe4 17. f3 Bd5 18. Kb1 Qb7 19. g6 Bf6 20. Rhf1 hxg6 21. hxg6 fxg6 22. c4 bxc3 23. Nxc3 Bxb3 24. Nxb3 Qxb3 25. Bd4 Rb8 26. Bxf6 gxf6 27. Ne4 Rh5 28. Rxd6 Ke7 29. Qg2 Ra5 0-1